Persépolis (Record no. 28812)

MARC details
000 -LEADER
campo de control de longitud fija 00417nam a22001817a 4500
001 - NÚMERO DE CONTROL
campo de control 00028777
008 - DATOS DE LONGITUD FIJA--INFORMACIÓN GENERAL
campo de control de longitud fija 260414b ag ||||| |||| 00| 0 spa d
020 ## - NÚMERO INTERNACIONAL ESTÁNDAR DEL LIBRO
Número Internacional Estándar del Libro 9788447392889
040 ## - FUENTE DE CATALOGACIÓN
Lengua de catalogación Español; Castellano
Centro/agencia transcriptor AR-CcCEOS
080 ## - NÚMERO DE LA CLASIFICACIÓN DECIMAL UNIVERSAL
Número de la Clasificación Decimal Universal 935
090 ## - LOCALMENTE ASIGNADO TIPO-LC NÚMERO DE CLASIFICACIÓN (OCLC); NÚMERO DE CLASIFICACIÓN LOCAL (RLIN)
Número cutter local (OCLC) ; Número de libro/Signatura topográfica íntegra, CALL (RLIN) PER
245 ## - MENCIÓN DEL TÍTULO
Título Persépolis
260 ## - PUBLICACIÓN, DISTRIBUCIÓN, ETC.
Lugar de publicación, distribución, etc. Barcelona :
Nombre del editor, distribuidor, etc. Gredos,
Fecha de publicación, distribución, etc. 2018.
300 ## - DESCRIPCIÓN FÍSICA
Extensión 94 p. ;
Dimensiones 27x23 cm.
650 #0 - PUNTO DE ACCESO ADICIONAL DE MATERIA--TÉRMINO DE MATERIA
Término de materia o nombre geográfico como elemento de entrada historia
942 ## - ELEMENTOS DE ENTRADA SECUNDARIOS (KOHA)
Fuente de la clasificación o esquema de estantería Clasificación decimal universal
Tipo de ítem Koha Libros
945 ## -
-- 66467
-- Melina Rolando
-- 66467
-- Melina Rolando
Holdings
Estatus retirado Estado de pérdida Fuente de la clasificación o esquema de estantería Estado de daño No para préstamo Colección Biblioteca de origen Biblioteca actual Fecha de adquisición Número de inventario Total de préstamos Signatura topográfica completa Código de barras Visto por última vez Precio de reemplazo Tipo de ítem Koha
    Clasificación decimal universal     SER Biblioteca Julio Serebrinsky Biblioteca Julio Serebrinsky 14/04/2026 46414   935 46414 14/04/2026 14/04/2026 Libros